Mathematics for Economics and Business (Record no. 4171)

MARC details
005 - DATE AND TIME OF LATEST TRANSACTION
control field 20250617052501.0
020 ## - INTERNATIONAL STANDARD BOOK NUMBER
International Standard Book Number 0-273-70195-9
082 ## - DEWEY DECIMAL CLASSIFICATION NUMBER
Classification number 510 JAC
100 ## - MAIN ENTRY--PERSONAL NAME
Author name JACQUES, I.
245 ## - TITLE STATEMENT
Title Mathematics for Economics and Business
250 ## - EDITION STATEMENT
Edition statement 5th Ed.
260 ## - PUBLICATION, DISTRIBUTION, ETC.
Place of publication, distribution, etc. New York,
Name of publisher, distributor, etc. Prentice Hall,
Date of publication, distribution, etc. 2006.
300 ## - PHYSICAL DESCRIPTION
Extent ix,673p.; ill.; figure, picture
Other physical details Appendix, Index & Glossary
Dimensions 25cm
942 ## - ADDED ENTRY ELEMENTS (KOHA)
Source of classification or shelving scheme Dewey Decimal Classification
Koha item type Books
Holdings
Date last seen Total checkouts Full call number Barcode Cost, replacement price Price effective from Koha item type Lost status Source of classification or shelving scheme Damaged status Not for loan Withdrawn status Home library Current library Shelving location Date acquired Cost, normal purchase price
06/17/2025   510JAC DOM000860 300000.00 06/17/2025 Books   Dewey Decimal Classification       CBE Dodoma CBE Dodoma General Collection 10/24/2017 100000.00
06/25/2025   02433'0658 JAC DOM0004171 300000.00 06/25/2025 Books   Dewey Decimal Classification       CBE Dodoma CBE Dodoma Special Reserve Collection 10/24/2017 100000.00